00313nam a2200133Ia 4500003000400000008004100004082001500045100001800060245004200078250001200120260002900132300001000161650000800171OSt191201s2011 xx 000 0 und d a519.5bNES aNEWBOLD, Paul 0aStatistics for Business and Economics a2nd IMP aNew DelhibPearsonc2011 a977+8 aMBA